=LDR 00000nam 2200000 4500 =001 INLIS000000000035421 =005 20130612141258 =008 ***********************************ind** =035 ##$$a0010-061300000035421 =041 ##$$a ind =082 ##$$a 813 =090 ##$$a 813, Ama b =100 ##$$a Amalia =245 ##$$a Being 17, Amalia =260 ##$$a 2005 $b Jakarta =300 ##$$a 265 hlm, 20 cm =650 ##$$a Fiksi Indonesia =850 ##$$a NBPNMAT =990 ##$$a 94112/BPAP-NTB/2014 =990 ##$$a 21195704/BPAP-NTB/2014 =990 ##$$a 21195705/BPAP-NTB/2014